000
00344nam a2200145Ia 4500
005
20250508022843.0
008
240331s9999 xx 000 0 und d
082
_b
RAM
_a
894
100
_a
Ramanan, A
245
0
_a
Thodach chollum thodu vaanam
260
_a
Chennai
_b
Vettri Achagam
_c
1986
300
_a
208 p .,
650
_a
Novel
942
_c
L
999
_c
4296
_d
4296